000 00625nam a2200181Ia 4500
003 GCL
008 140319s9999 xx 000 0 ara d
040 _aGCL /
_cGCL
082 0 4 _a228
_bه ق
100 1 _aهند شلبى
245 1 0 _aالقراءات بأفريقية : من الفتح الى منتصف القرن الخامس الهجرى /
_cهند شلبى
300 _a430 ص
490 _aالهيئة العامة للاستعلامات
_v0
650 0 4 _aالقران، القراءات والتجويد
650 0 4 _aالقران - علوم
650 0 4 _aالقران - رواة وحفاظ
942 _2ddc
_cBK
999 _c49145
_d49145